Komunikačné zručnosti a komunikačné kompetencie manažéra v systéme riadenia ľudských zdrojov v podmienkach nástupu priemyselnej revolúcie 4.0 a 5.0

Saved in:
Bibliographic Details
Main Author: Szarková, Miroslava, 1951-
Other Authors: Matkovčíková, Natália, 1982-
Format: Book Chapter
Language:Slovak
English
Subjects:
Tags: Add Tag
No Tags, Be the first to tag this record!

MARC

LEADER 00000naa$a2200000$$$4500
001 0281011
005 20240502074350.7
041 0 |a slo 
041 0 |a eng 
044 |a SK 
245 1 0 |a Komunikačné zručnosti a komunikačné kompetencie manažéra v systéme riadenia ľudských zdrojov v podmienkach nástupu priemyselnej revolúcie 4.0 a 5.0  |c Miroslava Szarková, Natália Matkovčíková 
500 |a abstrakt 
610 2 0 |a manažéri 
610 2 0 |a komunikácia manažérska 
610 2 0 |a riadenie ľudských zdrojov 
610 2 0 |a revolúcia priemyselná 
100 1 |a Szarková, Miroslava, 1951- 
700 1 |a Matkovčíková, Natália, 1982-